00584nam a22002057a 450000500170000001000130001702000220003003500130005203700160006504000120008108200150009310000170010824500660012526000450019127000470023630000300028350000200031365000220033365000230035520170124110201.0 aA-933426 c75.00a8120311566 aA-933426 bCen Lib/Ret aDPLbEN a005.3bIVE aIvens, Kathy a10 minute guide to micro soft exchange 4.0 /cby Kathy Ivens  bPrentice hall of India aNew Delhic1997 aM-98, Connaught circus bNew Delhie110001 aix,187p.:c19cm(Hb)bill. aIncludes index  aComputer science  aComputer software